Geometrie trojúhelníka

Enregistré dans:
Détails bibliographiques
Auteur principal: Švrček, Jaroslav
Autres auteurs: Vanžura, Jiří
Format: Livre
Langue:tchèque
Publié: Praha Státní nakladatelství technické literatury 1988
Collection:Polytechnická knižnice
Tags: Ajouter un tag
Pas de tags, Soyez le premier à ajouter un tag!

MARC

LEADER 00000nam a2200000 4500
001 c026196
005 20240419074305.5
041 0 |a cze 
044 |a CZ 
245 1 0 |a Geometrie trojúhelníka  |c Jaroslav Švrček, Jiří Vanžura 
264 1 |a Praha  |b Státní nakladatelství technické literatury  |c 1988 
300 |a 248 s. 
490 1 |a Polytechnická knižnice 
830 0 |a Polytechnická knižnice 
100 1 |a Švrček, Jaroslav 
700 1 |a Vanžura, Jiří